00482 a2200157 4500001000700000003000400007005001700011008004100028020001800069082001700087245010600104260004400210300001000254700002700264700003300291132910OSt20220329151151.0  a9780195689662 a351.54bP96P1 aPublic institutions in India : performance and designcedited by Devesh Kapur and Pratap Bhanu Mehta  aNew DelhibOxford Univrsity Pressc2012 a491p. aKapur, Devesh eEditor aMehta, Pratap Bhanu eEditor